MARC

LEADER 00000nam0a2200000 4500
001 122436
005 20231101215737.0
035 |a (RuTPU)RU\TPU\book\132565 
090 |a 122436 
100 |a 20071004d1976 k y0rusy50 ca 
101 1 |a rus  |c eng 
102 |a RU 
105 |a a z 001zy 
200 1 |a Физическая химия быстрых реакций  |e пер. с англ.  |f под ред. И. С. Заслонко 
210 |a Москва  |c Мир  |d 1976 
215 |a 394 с.  |c ил. 
320 |a Библиография в конце глав. 
606 1 |a Химические реакции, быстрые  |2 stltpush  |3 (RuTPU)RU\TPU\subj\17257  |9 43012 
610 1 |a физическая химия 
610 1 |a быстрые реакции 
610 1 |a химические реакции 
610 1 |a молекулы 
610 1 |a исследование 
610 1 |a водород 
610 1 |a кислород 
610 1 |a ударные трубы 
610 1 |a ионизация 
610 1 |a атомы 
610 1 |a библиотека А. Г. Стромберга 
675 |a 544.421  |v 3 
702 1 |a Заслонко  |b И. С.  |4 340 
801 1 |a RU  |b 63413507  |c 20071004  |g PSBO 
801 2 |a RU  |b 63413507  |c 20171011  |g PSBO 
942 |c BK